000 00803nam a2200253 a 4500
005 20260322212022.0
008 data
010 _a 81017962
020 _a0893030511 (case) :
_c{dollar}19.95
020 _a0893030538 (pbk.) :
_c{dollar}11.95
020 _a9780893030513 (case) :
_c{dollar}19.95
020 _a9780893030537 (pbk.) :
_c{dollar}11.95
050 0 _aRT85
_b.C87
096 _aWY 85 C978n 1982
100 1 _aCurtin, Leah.
245 1 0 _aNursing ethics ; theories and pragmatics /
_cLeah Curtin, M. Josephine Flaherty.
260 0 _aBowie, Md. :
_bR.J. Brady Co.,
_cc1982.
300 _axv, 363 p. ;
_c24 cm.
504 _aIncludes bibliographies and index.
590 _aIncludes bibliographies and index.
650 0 _aNursing ethics.
700 1 _aFlaherty, M. Josephine.
001 data
999 _c507
_d507